| 000 | 00539nam a2200193Ia 4500 | ||
|---|---|---|---|
| 003 | LK-CoDNM | ||
| 005 | 20241212145355.0 | ||
| 008 | 121130t2004 xxu||||| |||| 00| 0 sin d | ||
| 040 |
_aLK-CoDNM _dLK-CoDNM _eLK-CoDNM |
||
| 041 | _asin | ||
| 080 |
_aX8S1 _bWIK |
||
| 100 | _aMartin Wikkramasinghe | ||
| 245 | _aඋන්මාද චිත්රා | ||
| 246 | _aUnmada Chiththra | ||
| 260 |
_bSarasa Prakashana _aRajagiriya _c2004 |
||
| 300 | _b30p. ; 21 cm | ||
| 650 | _aකාව්ය සංග්රහය | ||
| 942 | _cBK | ||
| 999 |
_c74718 _d74718 |
||